000 00558nam a2200157Ia 4500
008 151213s9999 xx 000 0 und d
020 _a984-603-010-4
100 _aড. মিজানুর রহমান
245 _aপরিবর্তন বিশ্বে আন্তর্জাতিক আইন
_cড. মিজানুর রহমান
260 _aঢাকা
_bপলল প্রকাশনী
_c2003
300 _a5992 p.
650 _aLaw
650 _aLaw
700 _aড. মিজানুর রহমান
999 _c3442
_d3442